La noción de finalidad
Uloženo v:
| Hlavní autor: | |
|---|---|
| Médium: | Kniha |
| Jazyk: | španělština |
| Vydáno: |
Pamplona
Universidad de Navarra
1978
|
| Edice: | Colección filosófica
|
| Témata: | |
| Tagy: |
Přidat tag
Žádné tagy, Buďte první, kdo vytvoří štítek k tomuto záznamu!
|
MARC
| LEADER | 00000nam a2200000 a 4500 | ||
|---|---|---|---|
| 001 | UCZ2225 | ||
| 003 | CL-VaPUC | ||
| 008 | 950926e19780000SP |||||||||||||||||spa|d | ||
| 082 | 0 | 4 | |a 124 |b ALV |2 21 |
| 100 | 0 | |a Alvira, Rafael |e author |9 346008 | |
| 245 | 1 | 3 | |a La noción de finalidad |
| 300 | |a 199 p | ||
| 942 | |c BK | ||
| 945 | |d 19950926 00:00:00 |a cmena | ||
| 260 | |a Pamplona |b Universidad de Navarra |c 1978 | ||
| 650 | 0 | |a Teleología |9 325013 | |
| 650 | 7 | |a HOMBRE |2 CL-VaPUC |9 262149 | |
| 650 | 0 | |a Metafísica |9 265649 | |
| 650 | 7 | |a SER |2 CL-VaPUC |9 320176 | |
| 650 | 0 | |a Ontología |9 256850 | |
| 583 | |a last modification |c 19950926 00:00:00 |k Rodrigo Vera | ||
| 490 | 0 | |a Colección filosófica | |
| 999 | |c 238865 |d 238863 | ||
| 952 | |0 0 |1 0 |4 0 |6 124_000000000000000_ALV_1978 |7 0 |8 A |9 249435 |a BIBEDU |b BIBEDU |d 2019-11-18 |i 1565893 |o 124 ALV 1978 |p 1565893 |r 2019-11-18 |w 2019-11-18 |y BK |k FIL | ||